ბათუმის შოთა რუსთაველის სახელმწიფო უნივერსიტეტის ბიბლიოთეკა

Critical Care Medicine: Principles of Diagnosis and Management in the Adult / (ბიბ.ჩანაწერი № 61763)

000 -LEADER
fixed length control field 00876nam a22002177a 4500
005 - DATE AND TIME OF LATEST TRANSACTION
control field 20240430102304.0
008 - FIXED-LENGTH DATA ELEMENTS--GENERAL INFORMATION
fixed length control field 240430s2008 enk||||| |||| 00| 0 eng d
020 ## - INTERNATIONAL STANDARD BOOK NUMBER
International Standard Book Number ‎9780323048415x
041 ## - LANGUAGE CODE
Language code of text/sound track or separate title eng
080 ## - UNIVERSAL DECIMAL CLASSIFICATION NUMBER
Universal Decimal Classification number 616-036.81 P-25
100 ## - MAIN ENTRY--PERSONAL NAME
Personal name Parrillo, Joseph E.
9 (RLIN) 21990
245 ## - TITLE STATEMENT
Title Critical Care Medicine: Principles of Diagnosis and Management in the Adult /
Statement of responsibility, etc. Joseph E. Parrillo.
250 ## - EDITION STATEMENT
Edition statement 3rd Edition
264 ## - PRODUCTION, PUBLICATION, DISTRIBUTION, MANUFACTURE, AND COPYRIGHT NOTICE
Place of production, publication, distribution, manufacture Philadelphia :
Name of producer, publisher, distributor, manufacturer ‎Mosby,
Date of production, publication, distribution, manufacture, or copyright notice 2008.
300 ## - PHYSICAL DESCRIPTION
Extent 1776 p.:
Other physical details ill.;
Dimensions 28 cm.
653 ## - INDEX TERM--UNCONTROLLED
keyword კრიტიკული მედიცინა
653 ## - INDEX TERM--UNCONTROLLED
keyword დიაგნოსტიკისა და მკურნალობის მართვის პრინციპები მოზრდილებში
653 ## - INDEX TERM--UNCONTROLLED
keyword მედიცინა
700 ## - ADDED ENTRY--PERSONAL NAME
Personal name Dellinger, R.P.
Relator term ავტორი
9 (RLIN) 21991
942 ## - ADDED ENTRY ELEMENTS (KOHA)
Source of classification or shelving scheme
Koha item type წიგნი
ეგზემპლარები
Withdrawn status Lost status Source of classification or shelving scheme Damaged status Not for loan Permanent Location Current Location Shelving location Date acquired Cost, normal purchase price Full call number Barcode Date last seen Copy number Price effective from Koha item type Public note
          ბათუმის შოთა რუსთაველის სახელმწიფო უნივერსიტეტის მთავარი ბიბლიოთეკა ბათუმის შოთა რუსთაველის სახელმწიფო უნივერსიტეტის მთავარი ბიბლიოთეკა წიგნსაცავი 2024-04-30 385.00 616-036.81 P-25 67935 2024-04-30 67935 2024-04-30 წიგნი 385 ლ.